000 00478nam a2200121Ia 4500
008 171212s9999 xx 000 0 und d
100 _aMarginson, Simon
245 _cMarginson, Simon
_aThe Dream Is Over
_bThe Crisis of Clark Kerr's California Idea of Higher Education
260 _bUniversity of California Press
_c2016
440 _aClark Kerr Lectures On the Role of Higher Education in Society
650 _aEducation
856 _uhttp://jstor.org/stable/10.1525/j.ctt1kc6k1p
999 _c352984
_d352984